Statistics for Spacecraft by Silhouette

Click here to take the quiz!

General Stats

  • This quiz has been taken 37 times
    (11 since last reset)
  • The average score is 7 of 12

Answer Stats

Answer % Correct
Gemini
86%
Apollo
86%
Space Shuttle
86%
Vostok
71%
Soyuz
71%
Mercury
57%
SpaceShipOne
43%
Voshkod
43%
X-15
43%
Dragon 2
43%
SpaceShipTwo
43%
Shenzhou
29%

Score Distribution

Percentile by Number Answered

Percent of People with Each Score

Your Score History

You have not taken this quiz since the last reset